| 000 | 00545cam a22001577a 4500 | ||
|---|---|---|---|
| 008 | 180718b1999 xxu||||| |||| 00| 0 eng d | ||
| 082 | _aK1203x54 Si64/99 | ||
| 100 | _aSingh, G.B. | ||
| 245 |
_aG.B. Singh's law of suspension, penalities and departmental enquiries _cby G.B. Singh and Gurmeet Singh |
||
| 250 | _a8th ed. | ||
| 260 |
_aNew Delhi _bBaljeet Kaur _c1999 |
||
| 300 | _a384p. | ||
| 650 | _aEmployees - Dismissal of - Law and legislation - India | ||
| 650 | _aCivil service - India - Rules and regulations | ||
| 700 | _aSingh, Gurmeet | ||
| 999 |
_c393248 _d393248 |
||